Vista normal Vista MARC
  • Novela de fantasía

Entrada Materia

Número de registros utilizados en: 51

001 - NÚMERO DE CONTROL DEL REGISTRO

  • campo de control: 8197

003 - IDENTIFICADOR DE NUMERO DE CONTROL

  • campo de control: UPN

005 - FECHA Y HORA DE LA ÚLTIMA TRANSACCIÓN

  • campo de control: 20220904144909.0

008 - DATOS DE LONGITUD FIJA

  • campo de control de longitud fija: 220904nn acannaabn n ana d

035 ## - NÚMERO DE CONTROL DEL SISTEMA

  • Número de control del sistema: UPN10000008203

040 ## - FUENTE DE LA CATALOGACIÓN

  • Lengua de catalogación: SPA
  • Agencia de transcripción: UPN
  • Centro catalogador de origen: UPN

046 ## - FECHAS CON CODIFICACIÓN ESPECIAL

  • Fecha final para contenidos agregados: 2022

150 ## - ENCABEZAMIENTO - TEMÁTICO

  • Término de materia o nombre geográfico como elemento inicial: Novela de fantasía

450 ## - VÉASE - MATERIA

  • Encabezamiento temático: Novela fantástica

670 ## - FUENTE EN LA QUE SE LOCALIZARON DATOS

  • Cita de la fuente: LC
  • Información localizada: Fantasy fiction

902 ## - CATALOGADOR

  • Catalogador: BDV/151107